Crisis del subsector eléctrico en Honduras /

में बचाया:
ग्रंथसूची विवरण
मुख्य लेखक: Girón Castillo, Wilfredo
स्वरूप: मूलपाठ
टैग: टैग जोड़ें
कोई टैग नहीं, इस रिकॉर्ड को टैग करने वाले पहले व्यक्ति बनें!

MARC

LEADER 00000 a a2200000 04500
001 14299
003
040
100 |a Girón Castillo, Wilfredo  
245 |a Crisis del subsector eléctrico en Honduras /  |c Wilfredo Girón Castillo 
773 |g volumen 3 -4, número 53 -54; páginas 163-186  
999 |c 29523  |d 29523